000 00686nam a2200289Ia 4500
005 20260324144226.0
008 008 260324s9999 xx 000 0 eng d
020 _a9780429043789
037 _aEBOOK
040 _aCRL
040 _beng
040 _cCRL
041 _2eng
041 _aeng
084 _qCRL
100 _aAlex Dupuy
_91163104
245 0 _aHaiti In The World Economy
245 0 _bClass, Race, And Underdevelopment Since 1700
260 _bTaylor and Francis
260 _c1989
365 _a
365 _b230
856 _uhttp://www.taylorfrancis.com/books/9780429043789
942 _cEBOOK
999 _c1824898
_d1824898